| 000 | 00352nam a22001337a 4500 | ||
|---|---|---|---|
| 020 | _a3794055012 | ||
| 082 | _a025.014 WUS | ||
| 100 | _aWuster, Eugen | ||
| 245 | _aThe Road to Inforterm | ||
| 260 |
_aWest Germany _bVerlag Dokumentation,Pullach bei Munichen _c1974 |
||
| 300 |
_aix, 141p. _bill.; 21cm. |
||
| 500 | _aIncludes bibliography | ||
| 942 | _cBK | ||
| 999 |
_c12515 _d12515 |
||